Report on the working of the payment of wages act, 1936 in the state of Madras (Record no. 497089)

000 -LEADER
fixed length control field 00411cam a22001097a 4500
008 - FIXED-LENGTH DATA ELEMENTS--GENERAL INFORMATION
fixed length control field 180718b1969 xxu||||| |||| 00| 0 eng d
082 ## - DEWEY DECIMAL CLASSIFICATION NUMBER
Classification number R2303x5452 M267r/1965
245 ## - TITLE STATEMENT
Title Report on the working of the payment of wages act, 1936 in the state of Madras
Statement of responsibility, etc. by Commissioner of Labour
260 ## - PUBLICATION, DISTRIBUTION, ETC.
Place of publication, distribution, etc. Tamilnadu
Name of publisher, distributor, etc. The Director of Stationery And Printing
Date of publication, distribution, etc. 1969
300 ## - PHYSICAL DESCRIPTION
Extent 34p.
700 ## - ADDED ENTRY--PERSONAL NAME
Personal name Chennai. Commissioner of Labour
Holdings
Withdrawn status Lost status Damaged status Not for loan Permanent Location Current Location Date acquired Full call number Barcode Date last seen Price effective from Koha item type
        Indian Institute of Public Administration Indian Institute of Public Administration 2018-08-04 R2303x5452 M267r/1965 GG10333 2018-08-04 2018-08-04 GG

Powered by Koha